Pays finissant par le son [ã] - Statistiques

Statistiques générales
  • Ce quiz a été pris 209 fois
  • Le résultat moyen est 11 sur 14
Statistiques - réponses
Continent Pays % Correct
Asie Afghanistan
95%
Asie Kirghizistan
94%
Asie Turkménistan
92%
Asie Tadjikistan
91%
Asie Kazakhstan
89%
Asie Ouzbékistan
89%
Asie Pakistan
89%
Asie Iran
81%
Asie Azerbaïdjan
78%
Asie Bhoutan
70%
Asie Oman
61%
Asie Liban
59%
Europe Vatican
56%
Afrique Soudan
46%
Aucun quiz correspondant
Distribution des résultats
% des personnes avec chaque résultat
Percentile par nombre de réponses
Votre historique - résultats
Vous n’avez pas pris ce quiz